| 000 | 02094nam a2200577 a 4500 | ||
|---|---|---|---|
| 001 | 20240 | ||
| 003 | VRT | ||
| 005 | 20260120104318.0 | ||
| 008 | 240314s2009 xo oa g 001 0 slo | ||
| 015 | _aSNBA2009/11-05465 | ||
| 020 |
_a9788055119106 _q(viaz.) |
||
| 035 | _a21AB9AD9-7F61-498D-B737-F43089C1F0A1 | ||
| 035 | _aurn:nbn:sk:snk-amjw0w | ||
| 035 | _aurn:nbn:sk:snk-am0084ff | ||
| 039 | 9 |
_a202403141443 _bVLOAD _c201705062346 _dAUTHORITY _c201703031311 _dAUTHORITY _c201703031239 _dAUTHORITY |
|
| 040 |
_aSNK _bslo _cSNK _eAACR2 |
||
| 041 | 1 |
_aslo _hger |
|
| 043 | _aec----- | ||
| 044 |
_axo _cSK |
||
| 072 | 7 |
_a58 _xBotanika _2konspekt |
|
| 080 |
_a582 _22001 |
||
| 080 |
_a581.9 _22001 |
||
| 080 |
_a(4-191.2) _22001 |
||
| 080 |
_a(084.4) _22001 |
||
| 100 | 1 |
_aBellmann, Heiko, _d1950- _4aut |
|
| 240 | 1 | 4 |
_aDer Grosse Kosmos Pflanzenführer _lSlovensky |
| 245 | 1 | 0 |
_aVeľký atlas rastlín _b[1200 stredoeurópskych druhov : vyše 1300 fotografií] _cHeiko Bellmann ; v spolupráci s Brunom P. Kremerom, Ingou Gotzmannovou a Lotharom Krieglsteinerom ; [z nemeckého originálu preložila Zuzana Ohrádková] |
| 250 | _a[1. vyd.] | ||
| 260 |
_aBratislava _bIkar _c2009 |
||
| 300 |
_a205 s. _bfareb. ilustr. a fotogr. _c29 cm |
||
| 504 | _aReg. Terminologický slovníček | ||
| 650 | 0 | 7 |
_arastliny _2SNKPH |
| 650 | 0 | 7 |
_aflóra _2SNKPH |
| 650 | 0 | 7 |
_aPlants _2SNKPHeng |
| 650 | 0 | 7 |
_aFlora _2SNKPHeng |
| 651 | 7 |
_aEurópa stredná _2SNKPH |
|
| 651 | 7 |
_aEurope, Central _2SNKPHeng |
|
| 655 | 7 |
_aatlasy _2SNKPH |
|
| 655 | 7 |
_aAtlases _2SNKPHeng |
|
| 700 | 1 |
_aOhrádková, Zuzana _4trl |
|
| 700 | 1 |
_aKremer, Bruno P., _d1946- _4aut |
|
| 700 | 1 |
_aGotzmann, Inge, _d1969- _4aut |
|
| 700 | 1 |
_aKrieglsteiner, Lothar _4aut |
|
| 942 |
_2ddc _cOLDO _n0 |
||
| 949 |
_617A0619713 _asnkSB 77655 _bsnk2009/7835 _o929/09 _s6100:20140925 |
||
| 949 |
_617A0619714 _asnkSB 77655 D1 _bsnk2009/7836 _o929/09 |
||
| 949 |
_62889147201 _asavukV 49092 _bsavuk2009/912 |
||
| 949 |
_60133093557 _asnmk _bsnmk93557 |
||
| 949 |
_6273K0506245 _asvkpoC 49650 _bsvkpo515590 _rPoškodená väzba |
||
| 980 | _a582 | ||
| 999 |
_c20240 _d20240 |
||